Quick Pick: World Heritage Sites Quiz Stats

 Plays Quiz not verified by Sporcle

Support Sporcle.
Go Orange.
Score 0/20 Timer 01:30
0 Plays Today
% Correct
China
98.6%
Australia
97.6%
India
95.2%
France
94.7%
USA
94.7%
Cambodia
88.4%
Nepal
88.4%
Greece
87.4%
Italy
84.5%
Japan
82.6%
% Correct
South Africa
77.8%
Poland
76.8%
Germany
75.8%
Turkey
74.9%
Spain
73.9%
Chile
69.6%
Canada
68.1%
UK
64.3%
Egypt
62.8%
Israel
61.4%

You're not logged in!

Compare scores with friends on all Sporcle quizzes.
OR
Log In

From the Vault

Disney Song Jamboree

by LTH

This quiz includes some of the best songs of all time, and we don't care who disagrees!
Remove Ads.
Support Sporcle.
Get the best of Sporcle when you Go Orange. This ad-free experience offers more features, more stats, and more fun while also helping to support Sporcle. Thank you for becoming a member.

Show Comments

Extras

Top Quizzes Today


Score Distribution

Your Account Isn't Verified!

In order to create a playlist on Sporcle, you need to verify the email address you used during registration. Go to your Sporcle Settings to finish the process.

Report this User

Report this user for behavior that violates our Community Guidelines.

Details: